Statystyki dla Zwycięzcy Mr. Olympia

Kliknij tutaj aby rozwiązać quiz!

Ogólne statystyki

  • Ten quiz został rozwiązany 20 razy
  • Średni wynik to 37 z 59

Statystyki odpowiedzi

RokZwycięzca% Poprawnych
2004Ronnie Coleman
100%
2003Ronnie Coleman
100%
2005Ronnie Coleman
100%
1998Ronnie Coleman
100%
1999Ronnie Coleman
100%
2002Ronnie Coleman
100%
2001Ronnie Coleman
100%
2000Ronnie Coleman
100%
2006Jay Cutler
92%
2007Jay Cutler
92%
2009Jay Cutler
92%
2010Jay Cutler
92%
1975Arnold Schwarzenegger
83%
1974Arnold Schwarzenegger
83%
1973Arnold Schwarzenegger
83%
1972Arnold Schwarzenegger
83%
1971Arnold Schwarzenegger
83%
1970Arnold Schwarzenegger
83%
1980Arnold Schwarzenegger
83%
1977Frank Zane
75%
1978Frank Zane
75%
1979Frank Zane
75%
2011Phil Heath
75%
2012Phil Heath
75%
2014Phil Heath
75%
2015Phil Heath
75%
2016Phil Heath
75%
2017Phil Heath
75%
2013Phil Heath
75%
1997Dorian Yates
67%
1994Dorian Yates
67%
1996Dorian Yates
67%
1995Dorian Yates
67%
1993Dorian Yates
67%
1992Dorian Yates
67%
1991Lee Haney
58%
1990Lee Haney
58%
1989Lee Haney
58%
1987Lee Haney
58%
1986Lee Haney
58%
1985Lee Haney
58%
1984Lee Haney
58%
1988Lee Haney
58%
2008Dexter Jackson
33%
1981Franco Columbu
33%
1976Franco Columbu
33%
2022Hadi Choopan
25%
1965Larry Scott
25%
1966Larry Scott
25%
1969Sergio Oliva
25%
1968Sergio Oliva
25%
1967Sergio Oliva
25%
1982Chris Dickerson
17%
2023Derek Lunsford
17%
2018Shawn Rhoden
17%
2019Brandon Curry
8%
2020Mamdouh Elssbiay
8%
2021Mamdouh Elssbiay
8%
1983Samir Bannout
8%

Rozkład punktacji

Percentyl według liczby udzielonych odpowiedzi

Procent ludzi z każdym wynikiem

Twoja historia wyników

Nie rozwiązałeś tego quizu